| 000 | 00663nam a22002297a 4500 | ||
|---|---|---|---|
| 005 | 20170124110119.0 | ||
| 010 | _aB-167167 | ||
| 020 |
_c00.00 _a8125028439 |
||
| 035 | _aB-167167 | ||
| 037 | _bCen Lib/Ret | ||
| 040 |
_aDPL _bEN |
||
| 082 |
_a909 _bHAR |
||
| 100 |
_aHarman, Chris _930321 |
||
| 245 |
_aA people's history of the world / _cby Chris Harman |
||
| 260 |
_aNew Delhi _bOrient Longman _c2006 |
||
| 270 |
_a1/24 Asaf Ali Road _bNew Delhi _e110002 |
||
| 300 |
_a729p. _c21cm(Hb) |
||
| 500 | _aIncludes index | ||
| 650 |
_aSocial classes -- History _930322 |
||
| 650 |
_aSocial classes _99584 |
||
| 942 |
_2ddc _cEN _h909 _mHAR |
||
| 999 |
_c130875 _d130875 |
||